00000000nam##2200000za#4500
0019.523835
003CaOODSP
00520200327093217
007ta
008150406|1994||||xxc|||||     f|0| 0 fre|d
020 |a0-662-61037-7
040 |aCaOODSP|bfre
041 |aeng
041 |afre
043 |an-cn---
0861 |aSC94-57/1994
1101 |aCanada.|bCentre canadien de gestion.
24510|aLes valeurs dans la fonction publique
260 |aOttawa - Ontario : |bCentre canadien de gestion |c1994.
300 |aTexte français, ii, 49p. ; |c23 cm.
4901 |aExplorations|vExplorations N° 1
500 |aSommaire: Les valeurs de la fonction publique: comment naviguer entre les écueils.--Le défi du nouvel ordre administratif: la responsabilisation postmoderne.--L'éthique: est-ce un îlot de stabilité dans un monde en perpétuelle évolution?--Notes biographiques.
546 |aBilingue
563 |aCouverture souple
590 |a94-27|b1994-07-08
69107|aGestion|2gcpds
69107|aFonction publique|2gcpds
7760#|tThe Dewar series - perspectives on public management : |w(CaOODSP)9.573346
7760#|tLa série Dewar - perspectives sur la gestion publique : |w(CaOODSP)9.603527
791 |tValues in the Public Service|eeng|w(CaOODSP)9.523834
830#0|aExplorations ;|vExplorations N° 1|w(CaOODSP)9.509633